Das Evangelium nach Markus II (Record no. 241387)
[ view plain ]
| 000 -CABECERA | |
|---|---|
| Campo de control de longitud fija | 00522nam a22001697u 4500 |
| 008 - CÓDIGOS DE INFORMACIÓN DE LONGITUD FIJA | |
| Campo de control de longitud fija | 130405s1979 xxu||||| |||| 00| 0 ger d |
| 041 ## - CÓDIGO DE LENGUA | |
| Código de lengua del texto/banda sonora o título independiente | ger |
| 001 - NÚMERO DE CONTROL | |
| Campo de control | 30563 |
| 100 1# - PUNTO DE ACCESO PRINCIPAL-NOMBRE DE PERSONA | |
| Nombre de persona | Gnilka, Joachim |
| 9 (RLIN) | 12073 |
| 245 00 - MENCIÓN DE TÍTULO | |
| Título | Das Evangelium nach Markus II |
| Mención de responsabilidad, etc. | Joachim Gnilka |
| 260 ## - PUBLICACIÓN, DISTRIBUCIÓN, ETC... (PIE DE IMPRENTA) | |
| Lugar de publicación, distribución, etc. | Zurich: |
| Nombre del editor, distribuidor, etc. | Neukirchener Verlag, |
| Fecha de publicación, distribución, etc. | 1979 |
| 300 ## - DESCRIPCIÓN FÍSICA | |
| Extensión | 364 p. |
| Dimensiones | ;24 cm. |
| 490 0# - MENCIÓN DE SERIE | |
| Mención de serie | EKK. Evangelisch-Katholischer Kommentar zum Neuen Testament |
| Designación de volumen o secuencia | 2 |
| 500 ## - NOTA GENERAL | |
| Nota general | Contiene:II.Mk.8-27-16,20 |
| 630 04 - PUNTO DE ACCESO ADICIONAL DE MATERIA-TÍTULO UNIFORME | |
| Título uniforme | Biblia |
| Nombre de parte o sección de la obra | N.T. |
| -- | Evangelios |
| 9 (RLIN) | 13405 |
| 942 ## - ENTRADA DE ELEMENTOS AGREGADOS (KOHA) | |
| Koha [por defecto] tipo de item | Libros |
| Suprimido | Perdido | Estropeado | No para préstamo | Localización permanente | Localización actual | Localización en estantería | Fecha adquisición | Préstamos totales | Signatura completa | Número de Registro / Código de Barras | Fecha última consulta | Fecha del precio de reemplazo | Tipo de item de Koha |
|---|---|---|---|---|---|---|---|---|---|---|---|---|---|
| San Esteban | San Esteban | Depósito de libros | 21/05/2013 | 226 Mc GNILK ekk 2 | 30563 | 21/05/2013 | 21/05/2013 | Libros |
